Jo. Gottlieb Heineccii ... Elementa juris civilis secumdum ordinem Institutionum. (Record no. 155213)

MARC details
000 -LEADER
campo de control de longitud fija 01058nam a22002175i 4500
001 - NÚMERO DE CONTROL
campo de control 155213
003 - IDENTIFICADOR DE NÚMERO DE CONTROL
campo de control ES-MaACL
005 - FECHA Y HORA DE LA ÚLTIMA TRANSACCIÓN
campo de control 20230906210009.0
008 - DATOS DE LONGITUD FIJA--INFORMACIÓN GENERAL
campo de control de longitud fija 040815s1817 it |||| | lat d
040 ## - FUENTE DE CATALOGACIÓN
Centro catalogador/agencia de origen NA
Lengua de catalogación spa
Centro/agencia transcriptor NA
100 1# - ENTRADA PRINCIPAL--NOMBRE DE PERSONA
Nombre de persona Heinecke, Johann Gottieb (
Fechas asociadas al nombre 1681-1741)
9 (RLIN) 127832
245 10 - MENCIÓN DEL TÍTULO
Título Jo. Gottlieb Heineccii ... Elementa juris civilis secumdum ordinem Institutionum.
250 ## - MENCION DE EDICION
Mención de edición Editio nova italica
Resto de la mención de edición ceteris longe auctior [et] emendatior.
260 ## - PUBLICACIÓN, DISTRIBUCIÓN, ETC.
Lugar de publicación, distribución, etc. Venetiis :
Nombre del editor, distribuidor, etc. [s.n.],
Fecha de publicación, distribución, etc. 1817 (
Fabricante Typographia Balleoniana)
300 ## - DESCRIPCIÓN FÍSICA
Extensión 2 v. (371 p., [1] en bl.; 287 p., [1] en bl.) ;
Dimensiones 17 cm.
596 ## - NOTA AL PIE DE IMPRENTA
NOTA AL PIE DE IMPRENTA Marca tip. en port.
597 ## - NOTA DE DESCRIPCIÓN FÍSICA
NOTA DE DESCRIPCIÓN FÍSICA Sign.: A-P\p12\s, Q\p6\s ; A-M\p12\s.
710 21 - ENTRADA AGREGADA--NOMBRE DE ENTIDAD CORPORATIVA
Nombre de entidad corporativa o nombre de jurisdicción como elemento de entrada Stamperia Baglioni,
Término indicativo de función/relación
9 (RLIN) 134962
752 ## - ENTRADA AGREGADA--NOMBRE JERÁRQUICO DEL LUGAR
País o entidad superior Italia -
Ciudad Venecia
852 ## - LOCALIZACIÓN
Ubicación ES-MaACL
Número de control de estantería R-1932
Nota libre -- Enc. piel
Encuadernación -- Edic: T596: Marca tip. en port. --T597: Signaturizado T597: Contiene 2 t. en 1 v. -- T597: Cada tomo con port. propia -- T300: El segundo tomo tiene 287 p. --T740: Elementa juris civilis secundum ordinem institutionum. Olim: G-427
Holdings
Estatus retirado Estado de pérdida Estado de daño No para préstamo Colección Biblioteca de origen Biblioteca actual Ubicación en estantería Fecha de adquisición Fuente de adquisición Total de préstamos Signatura topográfica completa Código de barras Visto por última vez Precio de reemplazo Tipo de ítem Koha
        Libros del s. XIX Biblioteca del Ateneo de Madrid Biblioteca del Ateneo de Madrid Depósito 17/01/2008     R-1932 1162360 23/02/2023 23/02/2023 Libro impreso antiguo